[Event "DEM U18 2018"]
[Site "Willingen GER"]
[Date "2018.05.20"]
[Round "1"]
[White "Fieberg, Samuel"]
[Black "Parvanyan, Ashot"]
[Result "0-1"]
[Termination "normal"]
[Board "1"]
[WhiteTitle "FM"]
[BlackTitle "FM"]
[WhiteElo "2248"]
[BlackElo "2413"]
[WhiteClock "00:00:56"]
[BlackClock "00:20:17"]
[PlyCount "64"]
[WhiteFideId "12901717"]
[BlackFideId "13307550"]
[EventCountry "GER"]
[EventRounds "9"]
[EventType "swiss"]
[EventDate "2018.05.19"]

1. e4 {[%clk 1:30:57]} 1... e6 {[%clk 1:30:43]} 2. d4 {[%clk 1:31:22]} 2... d5
{[%clk 1:31:03]} 3. Nd2 {[%clk 1:31:48]} 3... Nf6 {[%clk 1:30:12]} 4. e5 {
[%clk 1:32:09]} 4... Nfd7 {[%clk 1:30:34]} 5. Bd3 {[%clk 1:32:35]} 5... c5 {
[%clk 1:30:48]} 6. c3 {[%clk 1:32:56]} 6... Nc6 {[%clk 1:31:11]} 7. Ne2 { [%clk
1:33:11]} 7... cxd4 {[%clk 1:31:35]} 8. cxd4 {[%clk 1:33:35]} 8... f6 { [%clk
1:32:02]} 9. exf6 {[%clk 1:33:44]} 9... Nxf6 {[%clk 1:32:25]} 10. Nf3 { [%clk
1:33:38]} 10... Bd6 {[%clk 1:32:49]} 11. O-O {[%clk 1:33:47]} 11... Qc7 { [%clk
1:33:15]} 12. h3 {[%clk 1:31:37]} 12... O-O {[%clk 1:33:22]} 13. Re1 { [%clk
1:29:51]} 13... Bd7 {[%clk 1:33:11]} 14. Be3 {[%clk 1:28:12]} 14... Be8 { [%clk
1:33:20]} 15. Ng5 {[%clk 1:21:18]} 15... Bf7 {[%clk 1:33:30]} 16. Nc3 { [%clk
1:05:02]} 16... Qd7 {[%clk 1:25:33]} 17. Qc2 {[%clk 0:45:46]} 17... h6 { [%clk
1:19:58]} 18. Nxf7 {[%clk 0:40:36]} 18... Qxf7 {[%clk 1:19:56]} 19. Bg6 { [%clk
0:40:59]} 19... Qd7 {[%clk 1:18:30]} 20. Re2 {[%clk 0:24:57]} 20... Rac8 {[%clk
1:04:21]} 21. Rae1 {[%clk 0:19:42]} 21... Ne7 {[%clk 0:48:57]} 22. Bd2 { [%clk
0:17:38]} 22... Rc6 {[%clk 0:47:42]} 23. Bd3 {[%clk 0:11:18]} 23... a6 { [%clk
0:44:24]} 24. g4 {[%clk 0:07:19]} 24... Bb8 {[%clk 0:42:39]} 25. Kg2 { [%clk
0:03:08]} 25... e5 {[%clk 0:30:39]} 26. dxe5 {[%clk 0:02:24]} 26... Nxg4 {[%clk
0:30:27]} 27. hxg4 {[%clk 0:01:45]} 27... Qxg4+ {[%clk 0:30:51]} 28. Kf1 {[%clk
0:01:31]} 28... Qh3+ {[%clk 0:22:51]} 29. Kg1 {[%clk 0:01:58]} 29... Nf5 {[%clk
0:22:52]} 30. Bxf5 {[%clk 0:00:44]} 30... Rxf5 {[%clk 0:23:15]} 31. Bf4 {[%clk
0:00:32]} 31... Rg6+ {[%clk 0:21:14]} 32. Bg3 {[%clk 0:00:56]} 32... Rh5 {[%clk
0:20:17]} 0-1

[Event "DEM U18 2018"]
[Site "Willingen GER"]
[Date "2018.05.20"]
[Round "1"]
[White "Lagunow, Raphael"]
[Black "Degenhard, Simon"]
[Result "1-0"]
[Termination "normal"]
[Board "2"]
[WhiteTitle "FM"]
[BlackTitle "FM"]
[WhiteElo "2387"]
[BlackElo "2189"]
[WhiteClock "00:06:43"]
[BlackClock "00:03:12"]
[PlyCount "61"]
[WhiteFideId "24652644"]
[BlackFideId "12944017"]
[EventCountry "GER"]
[EventRounds "9"]
[EventType "swiss"]
[EventDate "2018.05.19"]

1. Nf3 {[%clk 1:29:57]} 1... c5 {[%clk 1:29:49]} 2. g3 {[%clk 1:29:51]} 2... g6
{[%clk 1:29:37]} 3. c4 {[%clk 1:28:53]} 3... Bg7 {[%clk 1:29:26]} 4. Bg2 {
[%clk 1:28:43]} 4... Nf6 {[%clk 1:29:12]} 5. O-O {[%clk 1:24:12]} 5... O-O {
[%clk 1:29:01]} 6. d4 {[%clk 1:22:06]} 6... cxd4 {[%clk 1:28:51]} 7. Nxd4 {
[%clk 1:22:01]} 7... Nc6 {[%clk 1:28:32]} 8. Nc3 {[%clk 1:21:30]} 8... Ng4 {
[%clk 1:27:43]} 9. e3 {[%clk 1:23:52]} 9... d6 {[%clk 1:31:59]} 10. Nde2 {
[%clk 1:11:50]} 10... Rb8 {[%clk 1:15:18]} 11. b3 {[%clk 1:08:00]} 11... Bd7 {
[%clk 1:05:17]} 12. h3 {[%clk 0:52:49]} 12... Nf6 {[%clk 1:04:15]} 13. Bb2 {
[%clk 0:49:18]} 13... a6 {[%clk 1:03:20]} 14. Rc1 {[%clk 0:22:11]} 14... b5 {
[%clk 0:44:37]} 15. cxb5 {[%clk 0:22:36]} 15... axb5 {[%clk 0:44:53]} 16. Nd5 {
[%clk 0:22:04]} 16... Nxd5 {[%clk 0:43:31]} 17. Bxg7 {[%clk 0:19:38]} 17...
Kxg7 {[%clk 0:43:46]} 18. Qxd5 {[%clk 0:19:50]} 18... Rb6 {[%clk 0:36:03]} 19.
Nf4 {[%clk 0:18:13]} 19... Ne5 {[%clk 0:32:21]} 20. Qd4 {[%clk 0:17:50]} 20...
Kg8 {[%clk 0:29:14]} 21. Nd5 {[%clk 0:17:58]} 21... Rb8 {[%clk 0:18:37]} 22.
Nb4 {[%clk 0:17:45]} 22... f6 {[%clk 0:15:56]} 23. f4 {[%clk 0:17:03]} 23...
Nf7 {[%clk 0:16:24]} 24. Qa7 {[%clk 0:13:22]} 24... Rc8 {[%clk 0:13:51]} 25.
Rxc8 {[%clk 0:13:47]} 25... Qxc8 {[%clk 0:11:59]} 26. Nd5 {[%clk 0:13:59]}
26... Qe8 {[%clk 0:03:26]} 27. Rc1 {[%clk 0:12:45]} 27... Nd8 {[%clk 0:03:28]}
28. Rc7 {[%clk 0:07:01]} 28... Nc6 {[%clk 0:03:29]} 29. Rxc6 {[%clk 0:06:16]}
29... Bxc6 {[%clk 0:03:46]} 30. Nxe7+ {[%clk 0:06:42]} 30... Kg7 { [%clk
0:03:12]} 31. Nf5+ {[%clk 0:06:43]} 1-0

[Event "DEM U18 2018"]
[Site "Willingen GER"]
[Date "2018.05.20"]
[Round "1"]
[White "Oberhofer, Cédric"]
[Black "Schmidek, Emil"]
[Result "1/2-1/2"]
[Termination "normal"]
[Board "3"]
[BlackTitle "FM"]
[WhiteElo "2158"]
[BlackElo "2395"]
[WhiteClock "00:07:46"]
[BlackClock "00:02:09"]
[PlyCount "70"]
[WhiteFideId "12941220"]
[BlackFideId "12908150"]
[EventCountry "GER"]
[EventRounds "9"]
[EventType "swiss"]
[EventDate "2018.05.19"]

1. e4 {[%clk 1:30:58]} 1... e5 {[%clk 1:30:54]} 2. Nf3 {[%clk 1:31:22]} 2...
Nc6 {[%clk 1:31:21]} 3. Bb5 {[%clk 1:31:45]} 3... a6 {[%clk 1:31:47]} 4. Ba4 {
[%clk 1:32:10]} 4... Nf6 {[%clk 1:32:13]} 5. O-O {[%clk 1:32:31]} 5... Be7 {
[%clk 1:32:39]} 6. Re1 {[%clk 1:32:55]} 6... b5 {[%clk 1:33:06]} 7. Bb3 { [%clk
1:33:20]} 7... d6 {[%clk 1:33:32]} 8. c3 {[%clk 1:33:44]} 8... O-O { [%clk
1:33:58]} 9. h3 {[%clk 1:34:08]} 9... Bb7 {[%clk 1:34:09]} 10. d3 { [%clk
1:32:38]} 10... Re8 {[%clk 1:34:11]} 11. Nbd2 {[%clk 1:32:10]} 11... Bf8 {[%clk
1:34:26]} 12. Nf1 {[%clk 1:30:24]} 12... g6 {[%clk 1:32:36]} 13. Ne3 { [%clk
1:24:17]} 13... Bg7 {[%clk 1:23:58]} 14. Nh2 {[%clk 1:10:11]} 14... Na5 { [%clk
1:23:56]} 15. Bc2 {[%clk 1:10:32]} 15... d5 {[%clk 1:24:02]} 16. Nhg4 { [%clk
1:06:33]} 16... dxe4 {[%clk 1:21:47]} 17. Nxf6+ {[%clk 1:06:55]} 17... Qxf6
{[%clk 1:22:01]} 18. dxe4 {[%clk 1:03:09]} 18... Rad8 {[%clk 1:18:12]} 19. Qe2
{[%clk 1:02:29]} 19... Qh4 {[%clk 1:08:52]} 20. b4 {[%clk 0:54:27]} 20... Nc6
{[%clk 1:05:30]} 21. Nd5 {[%clk 0:50:26]} 21... Nb8 {[%clk 1:00:25]} 22. Nxc7
{[%clk 0:41:16]} 22... Re7 {[%clk 1:00:33]} 23. Nd5 {[%clk 0:41:41]} 23... Bxd5
{[%clk 1:00:50]} 24. exd5 {[%clk 0:42:07]} 24... Rxd5 {[%clk 0:58:36]} 25. Be4
{[%clk 0:32:14]} 25... Rd8 {[%clk 0:57:28]} 26. c4 {[%clk 0:27:39]} 26... Red7
{[%clk 0:28:22]} 27. cxb5 {[%clk 0:23:42]} 27... axb5 {[%clk 0:27:13]} 28. Qxb5
{[%clk 0:19:00]} 28... Rd4 {[%clk 0:16:18]} 29. Qe2 {[%clk 0:15:27]} 29... Rxb4
{[%clk 0:14:12]} 30. Rb1 {[%clk 0:14:23]} 30... Rbd4 {[%clk 0:09:23]} 31. Rb7
{[%clk 0:11:02]} 31... Nd7 {[%clk 0:02:36]} 32. Bb2 {[%clk 0:07:06]} 32... Rxe4
{[%clk 0:02:22]} 33. Qxe4 {[%clk 0:07:31]} 33... Qxe4 {[%clk 0:02:45]} 34. Rxe4
{[%clk 0:07:59]} 34... Nc5 {[%clk 0:03:13]} 35. Rbb4 {[%clk 0:07:46]} 35...
Nxe4 {[%clk 0:02:09]} 1/2-1/2

[Event "DEM U18 2018"]
[Site "Willingen GER"]
[Date "2018.05.20"]
[Round "1"]
[White "Buckels, Valentin"]
[Black "Schneider, Jana"]
[Result "1/2-1/2"]
[Termination "normal"]
[Board "4"]
[WhiteTitle "FM"]
[BlackTitle "FM"]
[WhiteElo "2340"]
[BlackElo "2214"]
[WhiteClock "00:05:30"]
[BlackClock "00:04:26"]
[PlyCount "88"]
[WhiteFideId "12942766"]
[BlackFideId "12924997"]
[EventCountry "GER"]
[EventRounds "9"]
[EventType "swiss"]
[EventDate "2018.05.19"]

1. d4 {[%clk 1:30:57]} 1... Nf6 {[%clk 1:30:52]} 2. Bf4 {[%clk 1:31:20]} 2...
d5 {[%clk 1:30:20]} 3. e3 {[%clk 1:31:28]} 3... e6 {[%clk 1:30:38]} 4. Nf3 {
[%clk 1:31:28]} 4... Bd6 {[%clk 1:30:40]} 5. Bg3 {[%clk 1:27:35]} 5... O-O {
[%clk 1:30:33]} 6. Nbd2 {[%clk 1:27:48]} 6... c5 {[%clk 1:24:14]} 7. c3 { [%clk
1:27:16]} 7... Qc7 {[%clk 1:23:53]} 8. Ne5 {[%clk 1:19:55]} 8... Nfd7 { [%clk
1:07:36]} 9. Nxd7 {[%clk 1:02:20]} 9... Nxd7 {[%clk 1:04:13]} 10. Bxd6 { [%clk
1:02:24]} 10... Qxd6 {[%clk 1:04:30]} 11. f4 {[%clk 1:02:49]} 11... a5 { [%clk
0:48:26]} 12. Bd3 {[%clk 0:54:11]} 12... c4 {[%clk 0:41:32]} 13. Bc2 { [%clk
0:54:27]} 13... b5 {[%clk 0:40:27]} 14. O-O {[%clk 0:53:27]} 14... f5 { [%clk
0:39:43]} 15. Nf3 {[%clk 0:51:07]} 15... b4 {[%clk 0:36:28]} 16. Ne5 { [%clk
0:47:49]} 16... bxc3 {[%clk 0:34:28]} 17. bxc3 {[%clk 0:47:46]} 17... Qa3
{[%clk 0:33:05]} 18. Qc1 {[%clk 0:45:29]} 18... Qxc1 {[%clk 0:24:16]} 19. Raxc1
{[%clk 0:45:42]} 19... Nxe5 {[%clk 0:24:15]} 20. dxe5 {[%clk 0:45:32]} 20...
Bd7 {[%clk 0:24:27]} 21. Rb1 {[%clk 0:45:37]} 21... Rab8 {[%clk 0:24:37]} 22.
h3 {[%clk 0:45:20]} 22... h5 {[%clk 0:23:14]} 23. g3 {[%clk 0:39:01]} 23... g6
{[%clk 0:22:39]} 24. Kf2 {[%clk 0:39:12]} 24... Kf7 {[%clk 0:22:42]} 25. Rg1 {
[%clk 0:37:56]} 25... Rh8 {[%clk 0:21:35]} 26. Ke2 {[%clk 0:37:27]} 26... Bc6 {
[%clk 0:20:51]} 27. Kd2 {[%clk 0:36:54]} 27... Ke7 {[%clk 0:19:57]} 28. Rxb8 {
[%clk 0:27:51]} 28... Rxb8 {[%clk 0:20:19]} 29. g4 {[%clk 0:26:01]} 29... hxg4
{[%clk 0:20:04]} 30. hxg4 {[%clk 0:26:26]} 30... Kf7 {[%clk 0:17:56]} 31. gxf5
{[%clk 0:25:25]} 31... gxf5 {[%clk 0:18:16]} 32. Ra1 {[%clk 0:22:24]} 32... Rh8
{[%clk 0:14:27]} 33. Bd1 {[%clk 0:20:40]} 33... Ke7 {[%clk 0:14:21]} 34. Be2 {
[%clk 0:20:56]} 34... Rb8 {[%clk 0:13:01]} 35. Kc1 {[%clk 0:15:34]} 35... Rh8 {
[%clk 0:10:30]} 36. Kc2 {[%clk 0:14:48]} 36... Be8 {[%clk 0:07:51]} 37. Rg1 {
[%clk 0:11:50]} 37... Rh2 {[%clk 0:06:34]} 38. Kd1 {[%clk 0:12:16]} 38... Bh5 {
[%clk 0:06:44]} 39. Bxh5 {[%clk 0:11:42]} 39... Rxh5 {[%clk 0:07:09]} 40. Rg7+
{[%clk 0:11:28]} 40... Kd8 {[%clk 0:07:00]} 41. Rg8+ {[%clk 0:07:34]} 41... Kd7
{[%clk 0:03:42]} 42. Rg7+ {[%clk 0:04:41]} 42... Kd8 {[%clk 0:04:04]} 43. Rg8+
{[%clk 0:05:05]} 43... Kd7 {[%clk 0:04:26]} 44. Rg7+ {[%clk 0:05:30]} 44... Kd8
1/2-1/2

[Event "DEM U18 2018"]
[Site "Willingen GER"]
[Date "2018.05.20"]
[Round "1"]
[White "Mätzkow, Maximilian Paul"]
[Black "Ewert, Hannes"]
[Result "0-1"]
[Termination "normal"]
[Board "5"]
[BlackTitle "FM"]
[WhiteElo "2171"]
[BlackElo "2312"]
[WhiteClock "00:06:03"]
[BlackClock "00:30:28"]
[PlyCount "86"]
[WhiteFideId "24679933"]
[BlackFideId "12961574"]
[EventCountry "GER"]
[EventRounds "9"]
[EventType "swiss"]
[EventDate "2018.05.19"]

1. e4 {[%clk 1:30:57]} 1... e5 {[%clk 1:30:51]} 2. Nf3 {[%clk 1:31:22]} 2...
Nc6 {[%clk 1:31:16]} 3. Bb5 {[%clk 1:31:49]} 3... a6 {[%clk 1:31:40]} 4. Ba4 {
[%clk 1:32:16]} 4... Nf6 {[%clk 1:32:05]} 5. d3 {[%clk 1:32:40]} 5... b5 {
[%clk 1:32:15]} 6. Bb3 {[%clk 1:33:02]} 6... Be7 {[%clk 1:32:40]} 7. O-O {
[%clk 1:33:27]} 7... O-O {[%clk 1:33:04]} 8. Re1 {[%clk 1:33:53]} 8... d6 {
[%clk 1:33:16]} 9. c3 {[%clk 1:34:18]} 9... Nb8 {[%clk 1:33:15]} 10. Nbd2 {
[%clk 1:34:17]} 10... Nbd7 {[%clk 1:33:34]} 11. Nf1 {[%clk 1:30:44]} 11... Bb7
{[%clk 1:32:08]} 12. Ng3 {[%clk 1:31:07]} 12... Re8 {[%clk 1:27:25]} 13. d4 {
[%clk 1:26:11]} 13... c5 {[%clk 1:21:54]} 14. d5 {[%clk 1:23:59]} 14... c4 {
[%clk 1:21:36]} 15. Bc2 {[%clk 1:24:23]} 15... Nc5 {[%clk 1:20:14]} 16. Be3 {
[%clk 1:19:29]} 16... Qc7 {[%clk 1:19:08]} 17. h3 {[%clk 1:15:15]} 17... Rab8 {
[%clk 1:09:11]} 18. Nh2 {[%clk 1:12:15]} 18... Bc8 {[%clk 1:07:45]} 19. f4 {
[%clk 1:11:56]} 19... exf4 {[%clk 0:56:13]} 20. Bxf4 {[%clk 1:09:22]} 20...
Nfd7 {[%clk 0:47:45]} 21. Nf5 {[%clk 1:08:13]} 21... Bf8 {[%clk 0:42:26]} 22.
Nf3 {[%clk 0:53:38]} 22... Ne5 {[%clk 0:40:14]} 23. Bxe5 {[%clk 0:48:49]} 23...
dxe5 {[%clk 0:39:36]} 24. Ne3 {[%clk 0:49:03]} 24... Nb7 {[%clk 0:38:23]} 25.
Kh1 {[%clk 0:46:03]} 25... Nd6 {[%clk 0:35:54]} 26. Rf1 {[%clk 0:43:26]} 26...
Qe7 {[%clk 0:34:10]} 27. Qe1 {[%clk 0:40:23]} 27... g6 {[%clk 0:30:17]} 28. Nh2
{[%clk 0:23:20]} 28... Bg7 {[%clk 0:28:06]} 29. Qf2 {[%clk 0:23:22]} 29... Rf8
{[%clk 0:25:48]} 30. b3 {[%clk 0:18:11]} 30... cxb3 {[%clk 0:17:54]} 31. axb3 {
[%clk 0:18:31]} 31... f5 {[%clk 0:18:07]} 32. exf5 {[%clk 0:17:17]} 32... gxf5
{[%clk 0:18:20]} 33. Rae1 {[%clk 0:15:42]} 33... f4 {[%clk 0:07:26]} 34. Nd1 {
[%clk 0:15:17]} 34... e4 {[%clk 0:07:35]} 35. Qe2 {[%clk 0:13:52]} 35... e3 {
[%clk 0:07:35]} 36. Nf3 {[%clk 0:14:14]} 36... Bf5 {[%clk 0:07:02]} 37. Ng1 {
[%clk 0:13:28]} 37... Be4 {[%clk 0:05:52]} 38. Kh2 {[%clk 0:07:50]} 38... Bxd5
{[%clk 0:03:11]} 39. Bxh7+ {[%clk 0:07:55]} 39... Kxh7 {[%clk 0:02:59]} 40.
Qh5+ {[%clk 0:08:20]} 40... Bh6 {[%clk 0:03:14]} 41. Qxd5 {[%clk 0:08:42]}
41... Nf5 {[%clk 0:02:39]} 42. Ne2 {[%clk 0:07:28]} 42... Nh4 {[%clk 0:00:33]}
43. Qc6 {[%clk 0:06:03]} 43... Rf6 {[%clk 0:30:28]} 0-1

[Event "DEM U18 2018"]
[Site "Willingen GER"]
[Date "2018.05.20"]
[Round "1"]
[White "Reuker, Jari"]
[Black "Woelk, Tom-Frederic"]
[Result "1-0"]
[Termination "normal"]
[Board "6"]
[WhiteElo "2338"]
[BlackElo "2176"]
[WhiteClock "00:23:14"]
[BlackClock "00:01:22"]
[PlyCount "61"]
[WhiteFideId "12909300"]
[BlackFideId "12993077"]
[EventCountry "GER"]
[EventRounds "9"]
[EventType "swiss"]
[EventDate "2018.05.19"]

1. d4 {[%clk 1:30:54]} 1... Nf6 {[%clk 1:30:55]} 2. c4 {[%clk 1:31:19]} 2... c5
{[%clk 1:31:18]} 3. d5 {[%clk 1:31:43]} 3... e6 {[%clk 1:31:46]} 4. Nc3 { [%clk
1:32:06]} 4... exd5 {[%clk 1:32:11]} 5. cxd5 {[%clk 1:32:29]} 5... d6 { [%clk
1:32:37]} 6. e4 {[%clk 1:32:51]} 6... g6 {[%clk 1:33:04]} 7. Nge2 { [%clk
1:33:15]} 7... Bg7 {[%clk 1:33:28]} 8. Ng3 {[%clk 1:33:39]} 8... O-O { [%clk
1:32:14]} 9. Be2 {[%clk 1:33:56]} 9... a6 {[%clk 1:31:14]} 10. a4 { [%clk
1:34:21]} 10... Nbd7 {[%clk 1:29:22]} 11. O-O {[%clk 1:34:43]} 11... h5 { [%clk
1:23:59]} 12. Bg5 {[%clk 1:28:00]} 12... Re8 {[%clk 1:14:08]} 13. Qd2 { [%clk
1:19:22]} 13... Qc7 {[%clk 1:02:21]} 14. f4 {[%clk 1:17:01]} 14... Nh7 { [%clk
0:59:20]} 15. Bh4 {[%clk 1:15:27]} 15... c4 {[%clk 0:42:55]} 16. Kh1 { [%clk
1:13:01]} 16... Rb8 {[%clk 0:38:08]} 17. e5 {[%clk 1:03:43]} 17... dxe5 { [%clk
0:35:13]} 18. f5 {[%clk 0:57:14]} 18... Ndf6 {[%clk 0:24:51]} 19. d6 { [%clk
0:50:48]} 19... Qc6 {[%clk 0:22:33]} 20. fxg6 {[%clk 0:47:40]} 20... fxg6
{[%clk 0:22:59]} 21. Bf3 {[%clk 0:38:32]} 21... e4 {[%clk 0:15:14]} 22. Ngxe4 {
[%clk 0:34:40]} 22... Nxe4 {[%clk 0:15:34]} 23. Nxe4 {[%clk 0:35:00]} 23...
Rxe4 {[%clk 0:13:59]} 24. Bxe4 {[%clk 0:30:05]} 24... Qxe4 {[%clk 0:14:22]} 25.
Rae1 {[%clk 0:29:15]} 25... Qc6 {[%clk 0:11:02]} 26. Re7 {[%clk 0:28:37]} 26...
Bf5 {[%clk 0:10:17]} 27. d7 {[%clk 0:26:46]} 27... Rd8 {[%clk 0:02:21]} 28.
Rxf5 {[%clk 0:22:15]} 28... gxf5 {[%clk 0:01:37]} 29. Rxg7+ {[%clk 0:22:35]}
29... Kxg7 {[%clk 0:02:03]} 30. Bxd8 {[%clk 0:22:56]} 30... Nf8 {[%clk 0:01:22]
} 31. Bf6+ {[%clk 0:23:14]} 1-0

[Event "DEM U18 2018"]
[Site "Willingen GER"]
[Date "2018.05.20"]
[Round "1"]
[White "Weller, Uli"]
[Black "Kololli, Martin"]
[Result "0-1"]
[Termination "normal"]
[Board "7"]
[WhiteElo "2062"]
[BlackElo "2336"]
[WhiteClock "00:05:07"]
[BlackClock "00:47:12"]
[PlyCount "50"]
[WhiteFideId "12971782"]
[BlackFideId "12936910"]
[EventCountry "GER"]
[EventRounds "9"]
[EventType "swiss"]
[EventDate "2018.05.19"]

1. e4 {[%clk 1:30:57]} 1... e5 {[%clk 1:30:56]} 2. Nf3 {[%clk 1:31:20]} 2...
Nc6 {[%clk 1:31:22]} 3. d4 {[%clk 1:31:41]} 3... exd4 {[%clk 1:31:47]} 4. Bc4 {
[%clk 1:32:02]} 4... Nf6 {[%clk 1:32:10]} 5. e5 {[%clk 1:32:21]} 5... d5 {
[%clk 1:32:35]} 6. Bb5 {[%clk 1:32:42]} 6... Ne4 {[%clk 1:32:58]} 7. Nxd4 {
[%clk 1:33:04]} 7... Bd7 {[%clk 1:33:23]} 8. Bxc6 {[%clk 1:33:19]} 8... bxc6 {
[%clk 1:33:48]} 9. O-O {[%clk 1:33:33]} 9... Be7 {[%clk 1:33:30]} 10. f3 {
[%clk 1:31:40]} 10... Nc5 {[%clk 1:33:35]} 11. Be3 {[%clk 1:14:57]} 11... O-O {
[%clk 1:30:17]} 12. Nd2 {[%clk 1:07:49]} 12... Na4 {[%clk 1:28:33]} 13. c3 {
[%clk 0:40:36]} 13... c5 {[%clk 1:23:13]} 14. Ne2 {[%clk 0:37:29]} 14... Nxb2 {
[%clk 1:20:20]} 15. Qb3 {[%clk 0:36:20]} 15... Rb8 {[%clk 1:20:02]} 16. Qxd5 {
[%clk 0:35:53]} 16... Bb5 {[%clk 1:20:18]} 17. Nf4 {[%clk 0:31:27]} 17... Bxf1
{[%clk 1:19:53]} 18. Rxf1 {[%clk 0:31:40]} 18... Bg5 {[%clk 1:19:25]} 19. Qe4 {
[%clk 0:24:32]} 19... Bxf4 {[%clk 1:18:40]} 20. Qxf4 {[%clk 0:24:27]} 20... Re8
{[%clk 1:10:06]} 21. Qg3 {[%clk 0:23:17]} 21... Qd3 {[%clk 1:04:08]} 22. Re1 {
[%clk 0:11:56]} 22... Qg6 {[%clk 1:00:25]} 23. Qh3 {[%clk 0:07:42]} 23... Nd3 {
[%clk 0:59:11]} 24. Rf1 {[%clk 0:07:12]} 24... Qe6 {[%clk 0:52:58]} 25. g4 {
[%clk 0:05:07]} 25... Qxe5 {[%clk 0:47:12]} 0-1

[Event "DEM U18 2018"]
[Site "Willingen GER"]
[Date "2018.05.20"]
[Round "1"]
[White "Muckle, Julius"]
[Black "Ortmeier, Leonhard"]
[Result "1-0"]
[Termination "normal"]
[Board "8"]
[WhiteTitle "FM"]
[WhiteElo "2344"]
[BlackElo "2141"]
[WhiteClock "00:05:42"]
[BlackClock "00:32:53"]
[PlyCount "113"]
[WhiteFideId "12942430"]
[BlackFideId "12993662"]
[EventCountry "GER"]
[EventRounds "9"]
[EventType "swiss"]
[EventDate "2018.05.19"]

1. d4 {[%clk 1:30:58]} 1... Nf6 {[%clk 1:30:31]} 2. c4 {[%clk 1:31:25]} 2... e6
{[%clk 1:30:36]} 3. Nc3 {[%clk 1:31:44]} 3... Bb4 {[%clk 1:30:37]} 4. e3 {
[%clk 1:31:47]} 4... O-O {[%clk 1:29:42]} 5. Bd3 {[%clk 1:31:55]} 5... d5 {
[%clk 1:27:07]} 6. Nf3 {[%clk 1:28:32]} 6... c5 {[%clk 1:24:48]} 7. O-O { [%clk
1:28:06]} 7... dxc4 {[%clk 1:24:19]} 8. Bxc4 {[%clk 1:28:29]} 8... cxd4 { [%clk
1:24:37]} 9. exd4 {[%clk 1:28:21]} 9... b6 {[%clk 1:20:19]} 10. Bg5 { [%clk
1:22:08]} 10... Be7 {[%clk 1:19:37]} 11. d5 {[%clk 1:01:36]} 11... Nxd5 { [%clk
1:02:25]} 12. Bxd5 {[%clk 0:33:04]} 12... exd5 {[%clk 1:01:09]} 13. Bxe7 {[%clk
0:29:49]} 13... Qxe7 {[%clk 1:01:33]} 14. Re1 {[%clk 0:24:04]} 14... Qb7 {[%clk
0:58:26]} 15. Qxd5 {[%clk 0:16:45]} 15... Qxd5 {[%clk 0:57:34]} 16. Nxd5 {[%clk
0:17:13]} 16... Na6 {[%clk 0:55:55]} 17. Ne7+ {[%clk 0:16:27]} 17... Kh8 {[%clk
0:54:10]} 18. Nxc8 {[%clk 0:16:53]} 18... Raxc8 {[%clk 0:53:13]} 19. Re7 {[%clk
0:17:17]} 19... Rc7 {[%clk 0:47:40]} 20. Rae1 {[%clk 0:14:57]} 20... Kg8 {[%clk
0:46:26]} 21. Nd4 {[%clk 0:13:07]} 21... Rxe7 {[%clk 0:38:20]} 22. Rxe7 {[%clk
0:13:35]} 22... g6 {[%clk 0:23:10]} 23. Rxa7 {[%clk 0:11:08]} 23... Rd8 {[%clk
0:23:34]} 24. Rxa6 {[%clk 0:11:32]} 24... Rxd4 {[%clk 0:24:00]} 25. Kf1 {[%clk
0:11:49]} 25... Rd6 {[%clk 0:24:06]} 26. b4 {[%clk 0:10:14]} 26... Rd2 { [%clk
0:23:58]} 27. a4 {[%clk 0:09:56]} 27... Ra2 {[%clk 0:20:28]} 28. b5 { [%clk
0:09:08]} 28... Kg7 {[%clk 0:20:20]} 29. g3 {[%clk 0:08:24]} 29... h5 { [%clk
0:20:24]} 30. h4 {[%clk 0:07:34]} 30... Kh7 {[%clk 0:19:13]} 31. Ke1 { [%clk
0:06:33]} 31... Kg7 {[%clk 0:16:40]} 32. Kf1 {[%clk 0:06:13]} 32... Kh7 { [%clk
0:16:31]} 33. Kg2 {[%clk 0:06:42]} 33... Ra3 {[%clk 0:16:48]} 34. Kf1 { [%clk
0:06:07]} 34... Ra2 {[%clk 0:17:14]} 35. Ke1 {[%clk 0:06:33]} 35... Kg7 { [%clk
0:17:20]} 36. Kd1 {[%clk 0:05:23]} 36... f6 {[%clk 0:16:13]} 37. Ra7+ { [%clk
0:05:09]} 37... Kh6 {[%clk 0:16:03]} 38. Ke1 {[%clk 0:04:53]} 38... g5 { [%clk
0:14:26]} 39. hxg5+ {[%clk 0:03:13]} 39... Kxg5 {[%clk 0:14:30]} 40. Ra6 {[%clk
0:00:43]} 40... f5 {[%clk 0:13:29]} 41. Rxb6 {[%clk 0:25:34]} 41... Rxa4 {[%clk
0:43:45]} 42. Rb8 {[%clk 0:25:55]} 42... Kg4 {[%clk 0:43:23]} 43. Rg8+ { [%clk
0:16:27]} 43... Kf3 {[%clk 0:42:50]} 44. Rg5 {[%clk 0:16:48]} 44... Re4+ {[%clk
0:42:17]} 45. Kd2 {[%clk 0:12:31]} 45... Re5 {[%clk 0:41:52]} 46. b6 { [%clk
0:12:14]} 46... Rb5 {[%clk 0:38:52]} 47. b7 {[%clk 0:10:29]} 47... Rb2+ { [%clk
0:36:52]} 48. Kc3 {[%clk 0:09:43]} 48... Rxb7 {[%clk 0:37:16]} 49. Rxf5+ {[%clk
0:10:09]} 49... Ke2 {[%clk 0:37:20]} 50. Kd4 {[%clk 0:07:08]} 50... Re7 {[%clk
0:37:24]} 51. Kd5 {[%clk 0:05:55]} 51... Kf1 {[%clk 0:36:52]} 52. f4 { [%clk
0:04:45]} 52... Kf2 {[%clk 0:37:05]} 53. Rg5 {[%clk 0:04:52]} 53... h4 { [%clk
0:32:43]} 54. gxh4 {[%clk 0:05:05]} 54... Kf3 {[%clk 0:32:32]} 55. f5 { [%clk
0:05:32]} 55... Rh7 {[%clk 0:32:49]} 56. f6 {[%clk 0:05:45]} 56... Rxh4 { [%clk
0:32:53]} 57. f7 {[%clk 0:05:42]} 1-0